[Event "Meister gegen Talente NSV-II"]
[Site "Emanuel Lasker Arena"]
[Date "2020.11.07"]
[Round "1.1"]
[White "Johvon"]
[Black "Beyond_uoschi"]
[Result "0-1"]
[WhiteElo "1620"]
[BlackElo "1620"]
[Annotator "NA RC"]
[PlyCount "88"]
[EventDate "2020.11.07"]
[EventType "match (rapid)"]

1. d4 {[%emt 0:00:04]} d5 {[%emt 0:00:03]} 2. c4 {[%emt 0:00:01]} e6 {[%emt 0:00:01]} 3. Nf3 {[%emt 0:00:03]} Nf6 {[%emt 0:00:01]} 4. g3 {[%emt 0:00:01]} Bb4+ {[%emt 0:00:09]} 5. Bd2 {[%emt 0:00:06]} Bd6 {[%emt 0:00:04]} 6. Bg2 {[%emt 0:00:01]} O-O {[%emt 0:00:04]} 7. O-O {[%emt 0:00:01]} c6 {[%emt 0:00:03]} 8. Qc2 {[%emt 0:00:03]} Nbd7 {[%emt 0:00:09]} 9. Nc3 {[%emt 0:00:03]} dxc4 {[%emt 0:00:24]} 10. e4 {[%emt 0:00:02]} e5 {[%emt 0:00:01]} 11. d5 {[%emt 0:00:12]} cxd5 {[%emt 0:00:39]} 12. exd5 {[%emt 0:00:00]} a6 {[%emt 0:01:04]} 13. a4 {[%emt 0:00:11]} Nc5 {[%emt 0:00:21]} 14. Bg5 {[%emt 0:00:31]} h6 {[%emt 0:00:21]} 15. Bxf6 {[%emt 0:00:02]} Qxf6 {[%emt 0:00:00]} 16. Nd2 {[%emt 0:00:01]} Bf5 {[%emt 0:00:04]} 17. Nce4 {[%emt 0:00:14]} Nxe4 {[%emt 0:00:04]} 18. Bxe4 {[%emt 0:00:44]} Bh3 {[%emt 0:01:26]} 19. Bg2 {[%emt 0:00:10]} Bxg2 {[%emt 0:00:06]} 20. Kxg2 {[%emt 0:00:00]} b5 {[%emt 0:00:07]} 21. Ne4 {[%emt 0:00:09]} Qg6 {[%emt 0:00:03]} 22. h4 {[%emt 0:00:25]} Bb4 {[%emt 0:00:12]} 23. Qe2 {[%emt 0:01:01]} Rad8 {[%emt 0:00:39]} 24. Rfd1 {[%emt 0:00:17]} Kh8 {[%emt 0:00:59]} 25. Nc3 {[%emt 0:00:46]} Bxc3 {[%emt 0:01:32]} 26. bxc3 {[%emt 0:00:00]} e4 {[%emt 0:00:00]} 27. axb5 {[%emt 0:00:09]} axb5 {[%emt 0:00:00]} 28. Rab1 {[%emt 0:00:05]} f5 {[%emt 0:00:01]} 29. h5 {[%emt 0:01:30]} Qg5 {[%emt 0:01:30]} 30. Rxb5 {[%emt 0:00:08]} f4 {[%emt 0:00:01]} 31. Qxe4 {[%emt 0:00:02]} Qxh5 {[%emt 0:00:04]} 32. Rh1 {[%emt 0:00:46]} f3+ {[%emt 0:00:01]} 33. Kg1 {[%emt 0:00:01]} Qg5 {[%emt 0:00:03]} 34. Qxc4 {[%emt 0:01:54]} Rde8 {[%emt 0:00:21]} 35. Rb1 {[%emt 0:00:21]} Re2 {[%emt 0:00:03]} 36. Qd4 {[%emt 0:00:21]} Rd2 {[%emt 0:00:41]} 37. Qe4 {[%emt 0:00:20]} Rxf2 {[%emt 0:00:51]} 38. Rh3 {[%emt 0:00:19]} Re2 {[%emt 0:00:25]} 39. Qd4 {[%emt 0:00:10]} f2+ {[%emt 0:01:31]} 40. Kf1 {[%emt 0:00:04]} Rfe8 {[%emt 0:00:00]} 41. Rh1 {[%emt 0:01:49]} Re1+ {[%emt 0:00:26]} 42. Kg2 {[%emt 0:00:14]} R8e3 {[%emt 0:01:25]} 43. g4 {[%emt 0:01:48]} Qh4 {[%emt 0:01:15]} 44. Qf4 {[%emt 0:02:50]} Qxh1+ {[%emt 0:00:05] Johvon gibt auf (Lag: Av=0.36s, max=0.5s)} 0-1

[Event "Meister gegen Talente NSV-II"]
[Site "Emanuel Lasker Arena"]
[Date "2020.11.07"]
[Round "1.1"]
[White "Johvon"]
[Black "Christiqn"]
[Result "1/2-1/2"]
[WhiteElo "1620"]
[BlackElo "1620"]
[Annotator "NA RC"]
[PlyCount "131"]
[EventDate "2020.11.07"]
[EventType "match (rapid)"]
[TimeControl "900+5"]

1. d4 {[%emt 0:00:04]} d5 {[%emt 0:00:02]} 2. c4 {[%emt 0:00:01]} e6 {[%emt 0:00:01]} 3. Nc3 {[%emt 0:00:02]} c6 {[%emt 0:00:01]} 4. Nf3 {[%emt 0:00:01]} dxc4 {[%emt 0:00:00]} 5. a4 {[%emt 0:00:01]} Bb4 {[%emt 0:00:02]} 6. e3 {[%emt 0:00:02]} b5 {[%emt 0:00:01]} 7. Bd2 {[%emt 0:00:03]} a5 {[%emt 0:00:02]} 8. axb5 {[%emt 0:00:02]} Bxc3 {[%emt 0:00:01]} 9. Bxc3 {[%emt 0:00:00]} cxb5 {[%emt 0:00:00]} 10. b3 {[%emt 0:00:01]} Bb7 {[%emt 0:00:02]} 11. bxc4 {[%emt 0:00:01]} b4 {[%emt 0:00:00]} 12. Bb2 {[%emt 0:00:00]} Nf6 {[%emt 0:00:03]} 13. Bd3 {[%emt 0:00:44]} O-O {[%emt 0:00:05]} 14. O-O {[%emt 0:00:03]} Nbd7 {[%emt 0:00:04]} 15. Nd2 {[%emt 0:00:18]} Qc7 {[%emt 0:00:19]} 16. e4 {[%emt 0:00:44]} e5 {[%emt 0:00:07]} 17. d5 {[%emt 0:00:04]} Nc5 {[%emt 0:00:09]} 18. Bc2 {[%emt 0:00:11]} Rfe8 {[%emt 0:00:34]} 19. Ra2 {[%emt 0:00:38]} Qb6 {[%emt 0:01:25]} 20. Ba4 {[%emt 0:02:10]} Nfd7 {[%emt 0:00:52]} 21. Bb5 {[%emt 0:04:20]} Ba6 {[%emt 0:03:55]} 22. Bc6 {[%emt 0:00:07]} Ra7 {[%emt 0:01:09]} 23. Qa1 {[%emt 0:00:30]} Bb7 {[%emt 0:00:13]} 24. Bxb7 {[%emt 0:00:08]} Nxb7 {[%emt 0:00:08]} 25. Nb3 {[%emt 0:00:07]} f6 {[%emt 0:00:06]} 26. Bc1 {[%emt 0:00:54]} Ndc5 {[%emt 0:01:30]} 27. Be3 {[%emt 0:00:52]} Rea8 {[%emt 0:00:41]} 28. Ra4 {[%emt 0:00:45]} Qc7 {[%emt 0:01:04]} 29. Qa2 {[%emt 0:00:24]} Nxe4 {[%emt 0:00:51]} 30. Bxa7 {[%emt 0:01:49]} Nc3 {[%emt 0:00:37]} 31. Qa1 {[%emt 0:00:03]} Qxc4 {[%emt 0:00:35]} 32. Nxa5 {[%emt 0:00:22]} Qxd5 {[%emt 0:00:22]} 33. Rxb4 {[%emt 0:00:46]} Ne2+ {[%emt 0:00:04]} 34. Kh1 {[%emt 0:00:03]} Nxa5 {[%emt 0:00:07]} 35. Rd1 {[%emt 0:00:29]} Nd4 {[%emt 0:02:14]} 36. Bxd4 {[%emt 0:00:33]} Nb3 {[%emt 0:00:10]} 37. Ba7 {[%emt 0:00:21]} Nxa1 {[%emt 0:00:22]} 38. Rxd5 {[%emt 0:00:02]} Rxa7 {[%emt 0:00:06]} 39. Rc5 {[%emt 0:00:18] .} Nc2 {[%emt 0:00:02]} 40. Rb8+ {[%emt 0:00:01]} Kf7 {[%emt 0:00:02]} 41. g3 {[%emt 0:00:01]} Nd4 {[%emt 0:00:01]} 42. Rcc8 {[%emt 0:00:01]} Ne6 {[%emt 0:00:01]} 43. Rh8 {[%emt 0:00:02]} h6 {[%emt 0:00:02]} 44. Ra8 {[%emt 0:00:03]} Rd7 {[%emt 0:00:02]} 45. Rhb8 {[%emt 0:00:03]} Kg6 {[%emt 0:00:04]} 46. Ra2 {[%emt 0:00:02]} h5 {[%emt 0:00:01]} 47. Kg2 {[%emt 0:00:04]} Ng5 {[%emt 0:00:06]} 48. h4 {[%emt 0:00:04]} Ne6 {[%emt 0:00:02]} 49. Rb6 {[%emt 0:00:03]} Kf7 {[%emt 0:00:04]} 50. Rab2 {[%emt 0:00:04]} Rd1 {[%emt 0:00:27]} 51. Rb7+ {[%emt 0:00:04]} Kg6 {[%emt 0:00:01]} 52. R7b6 {[%emt 0:00:07]} Kf7 {[%emt 0:00:02]} 53. Ra6 {[%emt 0:00:01]} Rd7 {[%emt 0:00:04]} 54. Rba2 {[%emt 0:00:04]} Rd1 {[%emt 0:00:05]} 55. Ra7+ {[%emt 0:00:03]} Kg6 {[%emt 0:00:02]} 56. R2a6 {[%emt 0:00:04]} Nd4 {[%emt 0:00:08]} 57. Re7 {[%emt 0:00:05]} Re1 {[%emt 0:00:05]} 58. Raa7 {[%emt 0:00:05]} Nf5 {[%emt 0:00:01]} 59. Reb7 {[%emt 0:00:08]} Re2 {[%emt 0:00:10]} 60. Kf1 {[%emt 0:00:04]} Rc2 {[%emt 0:00:03]} 61. Rc7 {[%emt 0:00:05]} Rb2 {[%emt 0:00:02]} 62. Kg2 {[%emt 0:00:08]} e4 {[%emt 0:00:03]} 63. Rab7 {[%emt 0:00:09]} Ra2 {[%emt 0:00:04]} 64. Ra7 {[%emt 0:00:16]} Rb2 {[%emt 0:00:02]} 65. Rcb7 {[%emt 0:00:01]} Rc2 {[%emt 0:00:06]} 66. Rc7 {[%emt 0:00:03] Johvon bietet Remis (Lag: Av=0.58s, max=1.3s)} 1/2-1/2

[Event "Meister gegen Talente NSV-II"]
[Site "Emanuel Lasker Arena"]
[Date "2020.11.07"]
[Round "1.1"]
[White "Sreyas2008"]
[Black "Agile_Pangolin"]
[Result "0-1"]
[WhiteElo "1620"]
[BlackElo "1620"]
[Annotator "NA RC"]
[PlyCount "86"]
[EventDate "2020.11.07"]
[EventType "match (rapid)"]

1. e4 {[%emt 0:00:10]} e5 {[%emt 0:00:10]} 2. Nf3 {[%emt 0:00:02]} Nc6 {[%emt 0:00:01]} 3. Bc4 {[%emt 0:00:03]} Bc5 {[%emt 0:00:02]} 4. c3 {[%emt 0:00:02]} Nf6 {[%emt 0:00:01]} 5. d4 {[%emt 0:00:12]} exd4 {[%emt 0:00:02]} 6. e5 {[%emt 0:00:04]} d5 {[%emt 0:00:03]} 7. Bb5 {[%emt 0:00:08]} Ne4 {[%emt 0:00:02]} 8. cxd4 {[%emt 0:00:03]} Bb6 {[%emt 0:00:11]} 9. Nc3 {[%emt 0:00:08]} O-O {[%emt 0:00:06]} 10. Be3 {[%emt 0:00:28]} Bg4 {[%emt 0:00:05]} 11. Qc2 {[%emt 0:00:05]} Bf5 {[%emt 0:00:28]} 12. Qe2 {[%emt 0:01:19]} Nxc3 {[%emt 0:00:52]} 13. bxc3 {[%emt 0:00:19]} f6 {[%emt 0:00:01]} 14. O-O {[%emt 0:00:13]} Bg4 {[%emt 0:02:05]} 15. h3 {[%emt 0:03:59]} Bxf3 {[%emt 0:00:30]} 16. gxf3 {[%emt 0:00:04]} fxe5 {[%emt 0:00:12]} 17. dxe5 {[%emt 0:00:43]} Nxe5 {[%emt 0:00:28]} 18. f4 {[%emt 0:00:13]} Ng6 {[%emt 0:00:34]} 19. Rad1 {[%emt 0:00:21]} c6 {[%emt 0:00:40]} 20. f5 {[%emt 0:00:53]} Nh4 {[%emt 0:02:12]} 21. Bd3 {[%emt 0:00:46]} Qf6 {[%emt 0:00:35]} 22. Kh1 {[%emt 0:02:00]} Nxf5 {[%emt 0:00:11]} 23. Rg1 {[%emt 0:00:28]} Rae8 {[%emt 0:00:27]} 24. Bg5 {[%emt 0:00:43]} Rxe2 {[%emt 0:01:16]} 25. Bxf6 {[%emt 0:00:13]} Rxf6 {[%emt 0:00:55]} 26. Bxe2 {[%emt 0:00:13]} Bxf2 {[%emt 0:00:01]} 27. Rg4 {[%emt 0:01:01]} Ne3 {[%emt 0:00:39]} 28. Rb4 {[%emt 0:00:09]} Nxd1 {[%emt 0:00:04]} 29. Bxd1 {[%emt 0:00:00]} Bc5 {[%emt 0:00:14]} 30. Rb1 {[%emt 0:00:09]} Rf1+ {[%emt 0:00:32]} 31. Kg2 {[%emt 0:00:03]} Re1 {[%emt 0:00:07]} 32. a4 {[%emt 0:00:09]} g6 {[%emt 0:00:17]} 33. a5 {[%emt 0:00:05]} Kf8 {[%emt 0:00:03]} 34. Kf3 {[%emt 0:00:05]} Re3+ {[%emt 0:00:03]} 35. Kg2 {[%emt 0:00:02]} Re1 {[%emt 0:00:02]} 36. Kf3 {[%emt 0:00:01]} b5 {[%emt 0:00:06]} 37. axb6 {[%emt 0:00:15]} axb6 {[%emt 0:00:01]} 38. Kg2 {[%emt 0:00:05]} Ke7 {[%emt 0:00:06]} 39. Rc1 {[%emt 0:00:08]} Kd6 {[%emt 0:00:04]} 40. Rb1 {[%emt 0:00:01]} b5 {[%emt 0:00:01]} 41. Rc1 {[%emt 0:00:06]} Ke5 {[%emt 0:00:02]} 42. Rb1 {[%emt 0:00:02]} Kf4 {[%emt 0:00:02]} 43. Ra1 {[%emt 0:00:21]} Ke3 {[%emt 0:00:08] Sreyas2008 resigns (Lag: Av=0.77s, max=3.7s)} 0-1

[Event "Meister gegen Talente NSV-II"]
[Site "Emanuel Lasker Arena"]
[Date "2020.11.07"]
[Round "1.1"]
[White "Sreyas2008"]
[Black "Tschigorinfan97"]
[Result "1-0"]
[WhiteElo "1620"]
[BlackElo "1620"]
[Annotator "NA RC"]
[PlyCount "95"]
[EventDate "2020.11.07"]
[EventType "match (rapid)"]

1. e4 {[%emt 0:00:03]} e6 {[%emt 0:00:10]} 2. d4 {[%emt 0:00:09]} d5 {[%emt 0:00:01]} 3. Bd3 {[%emt 0:00:06]} dxe4 {[%emt 0:00:04]} 4. Bxe4 {[%emt 0:00:01]} Nf6 {[%emt 0:00:01]} 5. Bf3 {[%emt 0:00:01]} Nbd7 {[%emt 0:00:01]} 6. Ne2 {[%emt 0:00:02]} Bd6 {[%emt 0:00:14]} 7. O-O {[%emt 0:00:15]} O-O {[%emt 0:00:14]} 8. Bg5 {[%emt 0:00:15]} e5 {[%emt 0:00:17]} 9. Nbc3 {[%emt 0:00:20]} exd4 {[%emt 0:00:28]} 10. Nxd4 {[%emt 0:00:09]} Ne5 {[%emt 0:00:08]} 11. Ne4 {[%emt 0:00:34]} Be7 {[%emt 0:02:36]} 12. Re1 {[%emt 0:00:44]} Nxf3+ {[%emt 0:01:04]} 13. Nxf3 {[%emt 0:00:47]} Nxe4 {[%emt 0:01:50]} 14. Qxd8 {[%emt 0:00:11]} Bxd8 {[%emt 0:00:00]} 15. Rxe4 {[%emt 0:00:23]} Bf5 {[%emt 0:00:21]} 16. Re2 {[%emt 0:00:29]} Bxg5 {[%emt 0:01:20]} 17. Nxg5 {[%emt 0:00:00]} f6 {[%emt 0:00:23]} 18. Ne6 {[%emt 0:01:32]} Rfe8 {[%emt 0:00:50]} 19. Rae1 {[%emt 0:00:08]} Kf7 {[%emt 0:00:29]} 20. Nxc7 {[%emt 0:00:23]} Rxe2 {[%emt 0:00:06]} 21. Rxe2 {[%emt 0:00:01]} Rd8 {[%emt 0:01:03]} 22. f3 {[%emt 0:01:01]} a6 {[%emt 0:00:20]} 23. g4 {[%emt 0:00:53]} Rd1+ {[%emt 0:00:27]} 24. Kf2 {[%emt 0:00:37]} Bd7 {[%emt 0:00:18]} 25. Ke3 {[%emt 0:01:37]} Bc6 {[%emt 0:00:51]} 26. c4 {[%emt 0:00:23]} Rd7 {[%emt 0:01:51]} 27. Na8 {[%emt 0:01:19]} b5 {[%emt 0:00:21]} 28. Nb6 {[%emt 0:00:14]} Rb7 {[%emt 0:00:55]} 29. Nc8 {[%emt 0:01:18]} Ke6 {[%emt 0:00:15]} 30. c5 {[%emt 0:00:30]} Rc7 {[%emt 0:00:28]} 31. Kd4+ {[%emt 0:00:10]} Kf7 {[%emt 0:00:05]} 32. Nd6+ {[%emt 0:00:02]} Kg6 {[%emt 0:00:01]} 33. Rf2 {[%emt 0:00:40]} Kg5 {[%emt 0:00:02]} 34. Ke3 {[%emt 0:01:55]} Re7+ {[%emt 0:00:02]} 35. Ne4+ {[%emt 0:00:02]} Bxe4 {[%emt 0:00:08]} 36. fxe4 {[%emt 0:00:00]} Kxg4 {[%emt 0:00:05]} 37. c6 {[%emt 0:00:05]} Rc7 {[%emt 0:00:09]} 38. Rc2 {[%emt 0:00:07]} f5 {[%emt 0:00:05]} 39. e5 {[%emt 0:00:10]} Kg5 {[%emt 0:00:03]} 40. Kd4 {[%emt 0:00:12]} Rc8 {[%emt 0:00:08]} 41. c7 {[%emt 0:00:04]} Kg6 {[%emt 0:00:03]} 42. Kd5 {[%emt 0:00:04]} Kf7 {[%emt 0:00:01]} 43. Kd6 {[%emt 0:00:10]} Ke8 {[%emt 0:00:01]} 44. e6 {[%emt 0:00:04]} g6 {[%emt 0:00:16]} 45. e7 {[%emt 0:00:03]} f4 {[%emt 0:00:04]} 46. Ke6 {[%emt 0:00:02]} g5 {[%emt 0:00:03]} 47. Rd2 {[%emt 0:00:01]} Rxc7 {[%emt 0:00:07]} 48. Rd8# {[%emt 0:00:01] (Lag: Av=1.14s, max=2.2s)} 1-0

[Event "Meister gegen Talente NSV-II"]
[Site "Emanuel Lasker Arena"]
[Date "2020.11.07"]
[Round "1.1"]
[White "Torjaeger10"]
[Black "Agile_Pangolin"]
[Result "1/2-1/2"]
[WhiteElo "1620"]
[BlackElo "1620"]
[Annotator "NA RC"]
[PlyCount "152"]
[EventDate "2020.11.07"]
[EventType "match (rapid)"]

1. e4 {[%emt 0:00:04]} e5 {[%emt 0:00:05]} 2. Nf3 {[%emt 0:00:03]} Nc6 {[%emt 0:00:03]} 3. Bb5 {[%emt 0:00:01]} a6 {[%emt 0:00:02]} 4. Ba4 {[%emt 0:00:01]} Nf6 {[%emt 0:00:03]} 5. O-O {[%emt 0:00:01]} Be7 {[%emt 0:00:06]} 6. Re1 {[%emt 0:00:01]} b5 {[%emt 0:00:03]} 7. Bb3 {[%emt 0:00:01]} d6 {[%emt 0:00:02]} 8. a4 {[%emt 0:00:02]} Bd7 {[%emt 0:00:20]} 9. Nc3 {[%emt 0:00:37]} Na5 {[%emt 0:00:19]} 10. Ba2 {[%emt 0:00:18]} b4 {[%emt 0:00:35]} 11. Nd5 {[%emt 0:00:13]} Nxd5 {[%emt 0:01:42]} 12. Bxd5 {[%emt 0:00:04]} c6 {[%emt 0:00:02]} 13. Ba2 {[%emt 0:00:03]} c5 {[%emt 0:00:53]} 14. c3 {[%emt 0:00:37]} Rb8 {[%emt 0:00:15]} 15. d4 {[%emt 0:00:22]} b3 {[%emt 0:00:21]} 16. Bb1 {[%emt 0:00:06]} Qc7 {[%emt 0:00:08]} 17. Bd3 {[%emt 0:03:55]} c4 {[%emt 0:00:22]} 18. Bf1 {[%emt 0:00:08]} O-O {[%emt 0:00:02]} 19. dxe5 {[%emt 0:00:29]} dxe5 {[%emt 0:00:02]} 20. Qd5 {[%emt 0:00:02]} Bf6 {[%emt 0:00:54]} 21. Be3 {[%emt 0:00:47]} Be6 {[%emt 0:00:16]} 22. Qc5 {[%emt 0:00:09]} Rfc8 {[%emt 0:00:38]} 23. Qxc7 {[%emt 0:00:14]} Rxc7 {[%emt 0:00:00]} 24. Red1 {[%emt 0:00:27]} Nb7 {[%emt 0:00:43]} 25. Bb6 {[%emt 0:03:01]} Rc6 {[%emt 0:00:12]} 26. a5 {[%emt 0:00:02]} Kf8 {[%emt 0:01:04]} 27. Ra4 {[%emt 0:00:18]} Rbc8 {[%emt 0:01:55]} 28. Rd5 {[%emt 0:01:40]} Nc5 {[%emt 0:01:43]} 29. Rxc4 {[%emt 0:00:56]} Nxe4 {[%emt 0:00:13]} 30. Rxc6 {[%emt 0:00:01]} Rxc6 {[%emt 0:00:02]} 31. Rxe5 {[%emt 0:00:07]} Nxc3 {[%emt 0:01:27]} 32. Rc5 {[%emt 0:00:15]} Rd6 {[%emt 0:01:42]} 33. Rxc3 {[%emt 0:00:24]} Bxc3 {[%emt 0:00:13]} 34. Bc5 {[%emt 0:00:03]} Bxb2 {[%emt 0:00:50]} 35. Bxd6+ {[%emt 0:00:02]} Ke8 {[%emt 0:00:01]} 36. Bxa6 {[%emt 0:00:13]} Bc3 {[%emt 0:00:03]} 37. Bb5+ {[%emt 0:00:39]} Bd7 {[%emt 0:00:16]} 38. Bxd7+ {[%emt 0:00:24]} Kxd7 {[%emt 0:00:02]} 39. Ba3 {[%emt 0:00:07]} b2 {[%emt 0:00:03]} 40. Bxb2 {[%emt 0:00:06]} Bxb2 {[%emt 0:00:00]} 41. a6 {[%emt 0:00:24]} Kc7 {[%emt 0:00:06]} 42. Ng5 {[%emt 0:00:03]} Kb6 {[%emt 0:00:05]} 43. Nxh7 {[%emt 0:00:15]} Kxa6 {[%emt 0:00:11]} 44. Ng5 {[%emt 0:00:02]} f5 {[%emt 0:00:02]} 45. Nf3 {[%emt 0:00:28]} Bf6 {[%emt 0:00:07]} 46. Kf1 {[%emt 0:00:11]} Kb5 {[%emt 0:00:01]} 47. Ke2 {[%emt 0:00:01]} Kc5 {[%emt 0:00:12]} 48. g3 {[%emt 0:00:04]} Kd5 {[%emt 0:00:12]} 49. Ne1 {[%emt 0:00:09]} g5 {[%emt 0:00:11]} 50. Kf3 {[%emt 0:00:09]} Ke6 {[%emt 0:00:09]} 51. Nd3 {[%emt 0:00:04]} g4+ {[%emt 0:00:04]} 52. Kf4 {[%emt 0:00:17]} Bc3 {[%emt 0:00:06]} 53. Kg5 {[%emt 0:00:03]} Bd4 {[%emt 0:00:04]} 54. Nf4+ {[%emt 0:00:02]} Ke5 {[%emt 0:00:02]} 55. h4 {[%emt 0:00:06]} gxh3 {[%emt 0:00:02]} 56. Nxh3 {[%emt 0:00:01]} Ke4 {[%emt 0:00:04]} 57. Kg6 {[%emt 0:00:14]} Kf3 {[%emt 0:00:13]} 58. Kxf5 {[%emt 0:00:02]} Bxf2 {[%emt 0:00:01]} 59. g4 {[%emt 0:00:03]} Bh4 {[%emt 0:00:03]} 60. Nf4 {[%emt 0:00:02]} Bd8 {[%emt 0:00:07]} 61. Ne6 {[%emt 0:00:01]} Bh4 {[%emt 0:00:02]} 62. Nf4 {[%emt 0:00:03]} Bd8 {[%emt 0:00:02]} 63. Nd5 {[%emt 0:00:02]} Bh4 {[%emt 0:00:04]} 64. Nc3 {[%emt 0:00:02]} Ke3 {[%emt 0:00:07]} 65. Ne4 {[%emt 0:00:01]} Kd3 {[%emt 0:00:03]} 66. Ng5 {[%emt 0:00:01]} Kc4 {[%emt 0:00:03]} 67. Nf3 {[%emt 0:00:02]} Bd8 {[%emt 0:00:02]} 68. Ne5+ {[%emt 0:00:01]} Kd5 {[%emt 0:00:02]} 69. Nf7 {[%emt 0:00:06]} Be7 {[%emt 0:00:03]} 70. Kg6 {[%emt 0:00:04]} Ke6 {[%emt 0:00:03]} 71. Nh6 {[%emt 0:00:01]} Bd8 {[%emt 0:00:03]} 72. Nf5 {[%emt 0:00:01]} Ke5 {[%emt 0:00:06]} 73. Ng7 {[%emt 0:00:06]} Bh4 {[%emt 0:00:06]} 74. Kh5 {[%emt 0:00:03]} Bd8 {[%emt 0:00:02]} 75. Nf5 {[%emt 0:00:01]} Bf6 {[%emt 0:00:04]} 76. Kg6 {[%emt 0:00:02]} Bd8 {[%emt 0:00:02] Torjaeger10 offers a draw} 1/2-1/2

[Event "Meister gegen Talente NSV-II"]
[Site "Emanuel Lasker Arena"]
[Date "2020.11.07"]
[Round "1.1"]
[White "Torjaeger10"]
[Black "PeterLaFleur"]
[Result "0-1"]
[WhiteElo "1620"]
[BlackElo "1620"]
[Annotator "NA RC"]
[PlyCount "116"]
[EventDate "2020.11.07"]
[EventType "match (rapid)"]

1. e4 {[%emt 0:00:09]} c6 {[%emt 0:00:02]} 2. Nc3 {[%emt 0:00:01]} d5 {[%emt 0:00:02]} 3. d4 {[%emt 0:00:01]} dxe4 {[%emt 0:00:03]} 4. Nxe4 {[%emt 0:00:00]} Nf6 {[%emt 0:00:01]} 5. Nxf6+ {[%emt 0:00:08]} exf6 {[%emt 0:00:00]} 6. Bc4 {[%emt 0:00:04]} Na6 {[%emt 0:00:05]} 7. Ne2 {[%emt 0:00:26]} Bd6 {[%emt 0:00:12]} 8. Bf4 {[%emt 0:00:15]} O-O {[%emt 0:00:07]} 9. O-O {[%emt 0:00:23]} Nc7 {[%emt 0:00:08]} 10. c3 {[%emt 0:00:37]} Bg4 {[%emt 0:00:19]} 11. Bxd6 {[%emt 0:00:13]} Qxd6 {[%emt 0:00:04]} 12. Qd2 {[%emt 0:00:03]} Rfe8 {[%emt 0:00:47]} 13. Qf4 {[%emt 0:00:14]} Qd7 {[%emt 0:01:38]} 14. f3 {[%emt 0:01:36]} Bf5 {[%emt 0:00:53]} 15. Ng3 {[%emt 0:00:16]} Bg6 {[%emt 0:00:20]} 16. Qg4 {[%emt 0:00:38]} Qd6 {[%emt 0:00:46]} 17. h4 {[%emt 0:00:33]} Nd5 {[%emt 0:04:16]} 18. Bxd5 {[%emt 0:00:40]} cxd5 {[%emt 0:00:38]} 19. h5 {[%emt 0:00:14]} Bd3 {[%emt 0:00:05]} 20. Rfd1 {[%emt 0:01:03]} Re3 {[%emt 0:00:36]} 21. Re1 {[%emt 0:00:39]} Qe6 {[%emt 0:01:31]} 22. Kf2 {[%emt 0:00:14]} Qxg4 {[%emt 0:00:14]} 23. fxg4 {[%emt 0:00:00]} Re6 {[%emt 0:00:25]} 24. Nf5 {[%emt 0:00:46]} Rae8 {[%emt 0:01:27]} 25. Nd6 {[%emt 0:00:48]} R8e7 {[%emt 0:01:38]} 26. Rad1 {[%emt 0:02:47]} Ba6 {[%emt 0:00:14]} 27. Nf5 {[%emt 0:00:08]} Re2+ {[%emt 0:00:12]} 28. Rxe2 {[%emt 0:00:10]} Rxe2+ {[%emt 0:00:00]} 29. Kf3 {[%emt 0:00:29]} g6 {[%emt 0:00:01]} 30. Ne3 {[%emt 0:03:17]} Rxb2 {[%emt 0:00:04]} 31. Re1 {[%emt 0:00:02]} Bc4 {[%emt 0:00:29]} 32. Nxc4 {[%emt 0:00:27]} dxc4 {[%emt 0:00:00]} 33. Re7 {[%emt 0:00:03]} Rc2 {[%emt 0:00:20]} 34. Rxb7 {[%emt 0:00:06]} Rxc3+ {[%emt 0:00:01]} 35. Ke4 {[%emt 0:00:01]} a5 {[%emt 0:00:06]} 36. d5 {[%emt 0:00:07]} Rd3 {[%emt 0:00:12]} 37. Rc7 {[%emt 0:00:11]} Kf8 {[%emt 0:00:03]} 38. Rxc4 {[%emt 0:00:04]} Rd2 {[%emt 0:00:00]} 39. Rc7 {[%emt 0:00:05]} Rxa2 {[%emt 0:00:07]} 40. d6 {[%emt 0:00:01]} Ke8 {[%emt 0:00:03]} 41. Re7+ {[%emt 0:00:03]} Kf8 {[%emt 0:00:04]} 42. Ra7 {[%emt 0:00:01]} Rd2 {[%emt 0:00:04]} 43. Ra8+ {[%emt 0:00:22]} Kg7 {[%emt 0:00:02]} 44. Ra6 {[%emt 0:00:06]} a4 {[%emt 0:00:05]} 45. Ke3 {[%emt 0:00:05]} Rd1 {[%emt 0:00:01]} 46. Rxa4 {[%emt 0:00:09]} Rxd6 {[%emt 0:00:01]} 47. hxg6 {[%emt 0:00:01]} hxg6 {[%emt 0:00:21]} 48. Kf4 {[%emt 0:00:04]} Rd5 {[%emt 0:00:01]} 49. Rb4 {[%emt 0:00:02]} Ra5 {[%emt 0:00:01]} 50. Rc4 {[%emt 0:00:04]} Ra3 {[%emt 0:00:02]} 51. Rb4 {[%emt 0:00:03]} g5+ {[%emt 0:00:05]} 52. Kf5 {[%emt 0:00:08]} Ra2 {[%emt 0:00:03]} 53. g3 {[%emt 0:00:10]} Ra3 {[%emt 0:00:07]} 54. Rb1 {[%emt 0:00:05]} Rf3+ {[%emt 0:00:08]} 55. Ke4 {[%emt 0:00:02]} Rxg3 {[%emt 0:00:01]} 56. Kf5 {[%emt 0:00:00]} Rf3+ {[%emt 0:00:01]} 57. Ke4 {[%emt 0:00:02]} Rf4+ {[%emt 0:00:01]} 58. Ke3 {[%emt 0:00:00]} Rxg4 {[%emt 0:00:01] Torjaeger10 resigns} 0-1

[Event "Meister gegen Talente NSV-II"]
[Site "Emanuel Lasker Arena"]
[Date "2020.11.07"]
[Round "1.1"]
[White "jemy64"]
[Black "JR43"]
[Result "0-1"]
[WhiteElo "1620"]
[BlackElo "1478"]
[Annotator "NA RC"]
[PlyCount "62"]
[EventDate "2020.11.07"]
[EventType "match (rapid)"]
[BlackTeam "SV Werder Bremen I"]

{- Reuker, Jari (2394)} 1. d4 {[%emt 0:00:06]} d5 {[%emt 0:00:07]} 2. Bf4 {[%emt 0:00:03]} e6 {[%emt 0:00:02]} 3. e3 {[%emt 0:00:02]} Bd6 {[%emt 0:00:02]} 4. Bxd6 {[%emt 0:01:08]} Qxd6 {[%emt 0:00:03]} 5. Bd3 {[%emt 0:00:01]} Qb4+ {[%emt 0:01:03]} 6. Nc3 {[%emt 0:00:25]} Qxb2 {[%emt 0:00:10]} 7. Nb5 {[%emt 0:01:11]} Qb4+ {[%emt 0:00:04]} 8. c3 {[%emt 0:00:02]} Qa5 {[%emt 0:00:20]} 9. Qg4 {[%emt 0:00:44]} Ne7 {[%emt 0:05:54]} 10. Qxg7 {[%emt 0:01:32]} Rg8 {[%emt 0:00:02]} 11. Qe5 {[%emt 0:00:02]} Kd8 {[%emt 0:00:50]} 12. Ne2 {[%emt 0:03:22]} a6 {[%emt 0:00:26]} 13. Bxh7 {[%emt 0:00:55]} Rf8 {[%emt 0:01:08]} 14. Nd6 {[%emt 0:00:26]} cxd6 {[%emt 0:00:59]} 15. Qxd6+ {[%emt 0:00:03]} Bd7 {[%emt 0:00:10]} 16. Rb1 {[%emt 0:00:34]} Qc7 {[%emt 0:00:23]} 17. Qa3 {[%emt 0:01:27]} Nbc6 {[%emt 0:01:58]} 18. Bd3 {[%emt 0:00:15]} Na5 {[%emt 0:01:00]} 19. O-O {[%emt 0:00:20]} Rc8 {[%emt 0:00:22]} 20. Qb4 {[%emt 0:00:39] jemy64 reconnected.} b5 {[%emt 0:00:18]} 21. a4 {[%emt 0:00:11]} Nc4 {[%emt 0:00:16]} 22. Bxc4 {[%emt 0:00:18]} Qxc4 {[%emt 0:00:18]} 23. Qa5+ {[%emt 0:00:02]} Ke8 {[%emt 0:00:02]} 24. Ng3 {[%emt 0:00:31]} bxa4 {[%emt 0:00:26]} 25. Nh5 {[%emt 0:00:49]} Nc6 {[%emt 0:00:09]} 26. Qb6 {[%emt 0:00:25]} Ke7 {[%emt 0:00:02]} 27. f4 {[%emt 0:00:28]} Rb8 {[%emt 0:00:12]} 28. Qc7 {[%emt 0:00:05]} Rxb1 {[%emt 0:00:13]} 29. Rxb1 {[%emt 0:00:11]} Rc8 {[%emt 0:00:01] jemy64 reconnected. .} 30. Qb7 {[%emt 0:01:02]} Rb8 {[%emt 0:00:01]} 31. Qxb8 {[%emt 0:00:13]} Nxb8 {[%emt 0:00:00] jemy64 resigns jemy64 reconnected.} 0-1